Vista normal
Vista MARC
Entrada Personal Name
Número de registros utilizados en: 1
001 - CONTROL NUMBER
- control field: 14011
003 - CONTROL NUMBER IDENTIFIER
- control field: DLC
005 - DATE AND TIME OF LATEST TRANSACTION
- control field: 20230328163527.0
008 - FIXED-LENGTH DATA ELEMENTS
- fixed length control field: 151223n| azannaabn |n aaa c
010 ## - LIBRARY OF CONGRESS CONTROL NUMBER
- LC control number: no2015170092
035 ## - SYSTEM CONTROL NUMBER
- System control number: (OCoLC)oca10351583
040 ## - CATALOGING SOURCE
- Original cataloging agency: WlAbNL
- Language of cataloging: spa
- Description conventions: rda
- Transcribing agency: Mx-PuUPA
- Modifying agency: Mx-PuUPA
046 ## - SPECIAL CODED DATES
- Start period: 20
100 1# - HEADING--PERSONAL NAME
- Personal name: Holmes, Nigel,
370 ## - ASSOCIATED PLACE
- Place of birth: Londres, (Inglaterra)
- Associated country: Inglaterra
- Source of term: naf
370 ## - ASSOCIATED PLACE
- Place of residence/headquarters: Midlands (Inglaterra)
- Source of term: lcsh
372 ## - FIELD OF ACTIVITY
- Field of activity: industria y comercio de alimentos
- Source of term: lcsh
374 ## - OCCUPATION
- Occupation: Autor
375 ## - GENDER
- Gender: hombre
377 ## - ASSOCIATED LANGUAGE
- Language code: eng
670 ## - SOURCE DATA FOUND
- Source citation: Rogers, A. The Zonkey, 2015:
- Information found: t.p. (Nigel Holmes) unnumbered page (he was born in London ; had a career in catering and now lives in the Midlands)